000 00216nam a2200097Ia 4500
008 230907s9999||||xx |||||||||||||| ||und||
082 _a339
_bBOH
245 0 _aMacroeconomic theory /
300 _a423 p.
942 _cBK
999 _c600108
_d600108